Ленинград: справочник для туриста

Библиографические подробности
Другие авторы: Серпокрыл С. М. (составитель)
Язык:русский
Опубликовано: Ленинград, Лениздат, 1969
Предметы:
Формат: Книга
Запись в KOHA:https://koha.lib.tpu.ru/cgi-bin/koha/opac-detail.pl?biblionumber=177000

MARC

LEADER 00000nam0a2200000 4500
001 177000
005 20231031165447.0
035 |a (RuTPU)RU\TPU\book\191906 
090 |a 177000 
100 |a 20100310d1969 m y0rusy50 ca 
101 0 |a rus 
102 |a RU 
105 |a a g 000zy 
200 1 |a Ленинград: справочник для туриста  |f сост. С. М. Серпокрыл 
210 |a Ленинград  |c Лениздат  |d 1969 
215 |a 288 с.  |c ил. 
610 1 |a Ленинград 
610 1 |a города 
610 1 |a справочники 
610 1 |a путеводитель 
610 1 |a туризм 
610 1 |a музеи 
610 1 |a дворцы 
610 1 |a набережные 
610 1 |a площади 
610 1 |a некрополь 
675 |a 91(С12)  |v 3 
702 1 |a Серпокрыл  |b С. М.  |4 220 
801 1 |a RU  |b 63413507  |c 20100310 
801 2 |a RU  |b 63413507  |c 20180706  |g RCR 
942 |c BK